Statistics for Wrigley Field Trivia

Click here to take the quiz!

General Stats

  • This quiz has been taken 131 times
  • The average score is 7 of 22

Answer Stats

Hint Answer % Correct
During what year was Wrigley Field built?1914
90%
Wrigley Field is the past home to what NFL franchise?Chicago Bears
73%
In what year did Wrigley Field host its first night baseball game?1988
58%
During the first national league game hosted there, what animal was present in the park?bear cub
56%
In 2010, who won the first college football game played at Wrigley Field since 1938?University of Illinois
48%
How many feet is it from home plate to straight away center field?400
46%
In what neighborhood of Chicago is Wrigley Field located?Wrigleyville/Lakeview
40%
How many batted baseballs have struck the center field scoreboard since it was constructed?None
40%
What team did the Chicago Cubs play in their first home game in Wrigley Field in 1916?Cincinnati Reds
28%
Located on West Addison Street, what street number does Wrigley Field bear?1060
25%
In what league did the team listed in the above answer play in?Federal
24%
In 1920, the Wrigley family purchased the team and renamed the park what?Cubs Park
23%
For what team was Wrigley Field originally built?Chicago Whales or Chicago Federals
20%
What iconic pub is located on the corner of Waveland and Sheffield?Murphy's Bleachers
19%
What year was the Wrigley Field scoreboard constructed?1937
19%
What family currently owns Wrigley Field?Ricketts
13%
Until 1938, Wrigley Field was the home field of what college football team?DePaul
13%
What was the first name given to Wrigley Field?Weeghman Park
10%
What is Ronnie 'Woo-Woo's last name?Wickers
7%
What was Wrigley Field's original capacity?14,000
7%
The Cubs franchise was purchased from the Taft family and moved from what city to Wrigley Field?Cincinnati
4%
In 1926, the park was re-named again in honor of what family member?William Wrigley, Jr.
3%

Score Distribution

Percentile by Number Answered

Percent of People with Each Score

Your Score History

You have not taken this quiz